| 000 | 00913nas a2200289 4500 | ||
|---|---|---|---|
| 001 | BR2012007633 | ||
| 003 | BR-BrBNA | ||
| 005 | 20231205121256.0 | ||
| 007 | ta | ||
| 008 | 230509b bl.|||p| |||| 00| 00por d | ||
| 040 |
_aBR-BrBNA _bpor _cBiblioteca Nacional de Agricultura |
||
| 041 | _a(Pt) | ||
| 072 | _aF01 | ||
| 100 | 1 | _aGrützmacher, A.D. | |
| 100 | 1 | _aNakano, O. | |
| 100 | 1 | _aMartins, J.F. da S. | |
| 100 | 1 | _aGrützmacher, D.D. | |
| 100 | 1 | _aLoeck, A.E. | |
| 245 | 1 | _aEfeito do desfolhamento artificial sobre a produção e ciclo do arroz irrigado EMBRAPA 6-CHUÍ | |
| 650 | _aARROZ IRRIGADO | ||
| 650 | _aDESFOLHA ARTIFICIAL | ||
| 650 | _aPRODUÇÃO VEGETAL | ||
| 650 | _aRIO GRANDE DO SUL | ||
| 773 | 0 |
_tRevista Brasileira de Agrociência (Brazil) _xISSN 0104-8996 _g(Jan-Apr 1999), v. 5(1) p. 68-74 _wBR2012007633 |
|
| 909 |
_a202311 _bLúcia _c55 _dLúcia Elande |
||
| 942 |
_2AGRIS _n0 _cANA |
||
| 999 |
_c222695 _d222695 |
||